[Event "It (open)"]
[Site "masterchessopen.com Zagreb (Croatia)"]
[Round "6"]
[White "Zaja Ivan (CRO)"]
[Black "Cop Tomislav (CRO)"]
[Result "1-0"]
[WhiteElo "2446"]
[BlackElo "2191"]

1.d4 Nf6 2.c4 g6 3.Nc3 Bg7 4.e4 d6 5.f3 O-O 6.Be3 e5 7.Nge2 c6 8.Qd2 Nbd7 9.d5
cxd5 10.Nxd5 Nxd5 11.Qxd5 Nb6 12.Qb5 Be6 13.Nc3 Bh6 14.Bf2 Qc7 15.b3 Nd7
16.Rd1 Rfd8 17.Be2 a6 18.Qb4 b5 19.O-O Bf8 20.Nd5 Bxd5 21.cxd5 Bh6 22.a4 Rab8
23.axb5 axb5 24.Ra1 Rb7 25.Ra6 Nc5 26.Rc6 Qd7 27.Rd1 Ne6 28.g3 Ng5 29.Kg2 Nh3
30.Bb6 Rdb8 31.Rxd6 Qc8 {#r} 1-0

[Event "Ch Asturia (team) (previos)"]
[Site "masterchessopen.com Asturia (Spain)"]
[Round "2"]
[White "Quidiello Rogelio (ESP)"]
[Black "Roiz Baztan David (ESP)"]
[Result "0-1"]
[WhiteElo "2219"]
[BlackElo "2339"]

1.d4 Nf6 2.c4 g6 3.Nc3 Bg7 4.e4 d6 5.f3 O-O 6.Be3 e5 7.Nge2 c6 8.Qd2 Nbd7 9.d5
cxd5 10.cxd5 a6 11.g4 h5 12.g5 Ne8 13.O-O-O Nb6 14.b3 Bd7 15.Kb1 Nc8 16.Nc1
Ne7 17.Nd3 Rc8 18.Rc1 f5 19.gxf6 Nxf6 20.Be2 Kh7 21.Nb2 b5 22.a4 Rb8 23.axb5
axb5 24.Na2 Ra8 25.Rhd1 Ra5 26.Qb4 Qa8 27.Nc3 Rc8 28.Kc2 Ra2 29.Rb1 Nexd5
30.Rxd5 Nxd5 31.exd5 Qxd5 32.Rd1 Bf5+ 33.Bd3 Bxd3+ 34.Rxd3 Rxb2+ {#R} 0-1

[Event "Ch Catalunia"]
[Site "masterchessopen.com Barcelona (Spain)"]
[Round "9"]
[White "Campos Moreno Javier B (CHI)"]
[Black "Comas Fabrego Lluis (ESP)"]
[Result "0-1"]
[WhiteElo "2491"]
[BlackElo "2516"]

1.d4 Nf6 2.c4 g6 3.Nc3 Bg7 4.e4 d6 5.f3 O-O 6.Be3 e5 7.Nge2 c6 8.Qd2 Nbd7 9.d5
cxd5 10.cxd5 a6 11.g4 h5 12.g5 Nh7 13.Rg1 f6 14.gxf6 Rxf6 15.O-O-O b5 16.b3
Ndf8 17.Bg2 Bd7 18.Kb2 b4 19.Na4 Rb8 20.Rc1 h4 21.Qc2 h3 22.Bh1 Bb5 23.Rg3 Rf7
24.Kb1 Nf6 25.Nb2 Nh5 26.Rgg1 Nf4 27.Ng3 a5 28.Rge1 Bh6 29.Nf1 Kh7 30.Qd2 Rc8
31.Rxc8 Qxc8 32.Rc1 Rc7 33.Rxc7+ Qxc7 34.Ng3 Nd7 35.Qc1 Qxc1+ 36.Bxc1 Nc5
37.Kc2 Nfd3 38.Bxh6 Kxh6 39.Nd1 Nf4 40.Ne3 Kg7 41.Kb2 Ncd3+ 42.Kc2 Kf7 43.Kd2
Ke7 44.Kc2 Kd7 45.Kd2 Kc7 46.Kc2 Kb6 47.Kd2 Kc5 48.Kc2 Nf2 49.Kd2 Nh5 50.Ng4
Nxg4 51.Nxh5 gxh5 {#R} 0-1

[Event "Ch Spain (team)"]
[Site "masterchessopen.com Barcelona (Spain)"]
[Round "9"]
[White "Campos Moreno Javier B (CHI)"]
[Black "Pablo Marin Alejandro (ESP)"]
[Result "1-0"]
[WhiteElo "2491"]
[BlackElo "2395"]

1.d4 Nf6 2.c4 g6 3.Nc3 Bg7 4.e4 d6 5.f3 O-O 6.Be3 e5 7.Nge2 c6 8.Qd2 Nbd7 9.d5
cxd5 10.cxd5 a6 11.g4 h5 12.h3 Nh7 13.Rg1 h4 14.Nc1 Kh8 15.Nb3 Bf6 16.g5 Be7
17.O-O-O f6 18.gxf6 Rxf6 19.Be2 Ndf8 20.Kb1 Bxh3 21.Rh1 Bg2 22.Rxh4 Bxf3
23.Rh3 Bxe2 24.Qxe2 Kg8 25.Rdh1 Rf7 26.Qg2 Bg5 27.Nd1 Rc8 28.Bxg5 Qxg5 29.Rg3
Qe7 30.Ne3 Kh8 31.Nf5 Qd7 32.Nd2 Rc7 33.Nh4 Rg7 34.Nhf3 Qa4 35.Ng5 Kg8 36.Ne6
Nxe6 37.dxe6 {#r} 1-0

[Event "It (open)"]
[Site "masterchessopen.com Dresden (Germany)"]
[Round "6"]
[White "Meier Thomas (GER)"]
[Black "Uhlmann Wolfgang (GER)"]
[Result "0-1"]
[WhiteElo "2283"]
[BlackElo "2488"]

1.d4 Nf6 2.c4 g6 3.Nc3 Bg7 4.e4 d6 5.f3 O-O 6.Be3 e5 7.Nge2 c6 8.Qd2 Nbd7 9.d5
cxd5 10.cxd5 a6 11.g4 h5 12.gxh5 Nxh5 13.Ng3 Ndf6 14.O-O-O Bd7 15.Kb1 b5
16.Nce2 Kh7 17.Rc1 a5 18.Rc2 b4 19.Bg2 Qb8 20.Rhc1 b3 21.Rc7 bxa2+ 22.Kxa2 Rd8
23.Nxh5 Nxh5 24.Bf1 Nf6 25.R7c3 a4 26.Ra3 Qb7 27.Rc4 Bb5 28.Rc1 Rdb8 29.Nc3
Bd7 30.Nd1 Nh5 31.Rc4 Bf6 32.Nc3 Bd8 33.Qc2 Ba5 34.Ka1 Bb4 35.Ra2 a3 36.b3 Ba5
37.Kb1 Qxb3+ 38.Qxb3 Rxb3+ 39.Kc2 Rxc3+ 40.Rxc3 Ba4+ 41.Kd2 Bb3 42.Rxa3 Bxc3+
43.Kxc3 Rxa3 44.Kb2 Bc4 {#R} 0-1

[Event "Ch Germany"]
[Site "masterchessopen.com Heringsdorf (Germany)"]
[Round "7"]
[White "Bischoff Klaus (GER)"]
[Black "Heck Norbert (GER)"]
[Result "1-0"]
[WhiteElo "2556"]
[BlackElo "2340"]

1.d4 Nf6 2.c4 g6 3.Nc3 Bg7 4.e4 d6 5.f3 O-O 6.Be3 e5 7.Nge2 c6 8.Qd2 Nbd7 9.d5
cxd5 10.cxd5 a6 11.g3 Nh5 12.Bg2 f5 13.O-O Ndf6 14.Na4 fxe4 15.fxe4 Bg4 16.Nb6
Rb8 17.b4 Nd7 18.Nc4 Qe7 19.Nc3 Rbc8 20.Rxf8+ Rxf8 21.Rc1 Rc8 22.Na5 Nf8
23.Na4 Qe8 24.Rxc8 Qxc8 25.Nb6 Qb8 26.h3 Bd7 27.Kh2 Nf6 28.Qc1 Ne8 29.a4 Bf6
30.Nac4 Qc7 31.Qd1 Bd8 32.Qb3 Kg7 33.Qa2 Nf6 34.Qa3 Ne8 35.Bf1 Bf6 36.Qc1 Kg8
37.Be2 h5 38.Na5 Qb8 39.Kg2 Bd8 40.Qc2 Kg7 41.Nac4 Qc7 42.Bd3 Bf6 43.Na5 Qb8
44.Qc1 Kg8 45.Nac4 Qc7 46.Nb2 Qd8 47.Be2 Kh7 48.Nd3 Ng7 49.Nf2 g5 50.b5 axb5
51.axb5 Kg6 52.Qc4 Ne8 53.Qc2 Qc7 54.Qb2 Bd8 55.Nc4 Bf6 56.Qb4 Bc8 57.Qa3 Be7
58.Bb6 Qb8 59.Ba7 Qc7 60.Bb6 Qb8 61.Nxe5+ Kh6 62.Nc4 Ng6 63.Bd4 Bd7 64.Nb6 Qc7
65.Qf3 Bf6 66.Bxf6 Nxf6 67.Nxd7 Nxd7 68.Qxh5+ Kg7 69.Qxg5 Ne5 70.Bh5 Qc3 71.h4
Kh7 72.Bxg6+ Nxg6 73.Ng4 Qc2+ 74.Kh3 {#r} 1-0

[Event "Olympiad"]
[Site "masterchessopen.com Istanbul (Turkey)"]
[Round "5"]
[White "Zaja Ivan (CRO)"]
[Black "Apicella Manuel (FRA)"]
[Result "1-0"]
[WhiteElo "2513"]
[BlackElo "2506"]

1.d4 Nf6 2.c4 g6 3.Nc3 Bg7 4.e4 d6 5.f3 O-O 6.Be3 e5 7.Nge2 c6 8.Qd2 Nbd7 9.d5
cxd5 10.cxd5 a6 11.g4 h5 12.g5 Nh7 13.Rg1 b5 14.Nc1 Nb6 15.b3 b4 16.Nd1 a5
17.Nb2 Rb8 18.a3 f6 19.gxf6 Qxf6 20.axb4 axb4 21.Qf2 Nd7 22.Nc4 g5 23.Nd3 Kh8
24.Ra7 Rb7 25.Ra6 Rc7 26.Rxd6 Qxf3 27.Qxf3 Rxf3 28.Rc6 Rxc6 29.dxc6 Nb8 30.c7
Nc6 31.Bc5 Rf7 32.Bd6 g4 33.Ndxe5 Nxe5 34.Nxe5 Rf6 35.Bc4 Ng5 36.Bxb4 Kh7
37.Be7 Rf4 38.Bxg5 Rxe4+ 39.Kf2 Rxe5 40.Bf4 Rf5 41.Ke3 Bf8 42.Rd1 Bc5+ 43.Ke4
Bb6 44.Ba6 Rxf4+ 45.Kxf4 Bxc7+ 46.Kg5 Be6 47.Kf6 {#r} 1-0

[Event "It (open)"]
[Site "masterchessopen.com Linares (Spain)"]
[Round "2"]
[White "Mateo Ramon (DOM)"]
[Black "Dolmatov Sergey (RUS)"]
[Result "0-1"]
[WhiteElo "2371"]
[BlackElo "2608"]

1.d4 Nf6 2.c4 g6 3.Nc3 Bg7 4.e4 d6 5.f3 O-O 6.Be3 e5 7.Nge2 c6 8.Qd2 Nbd7 9.d5
cxd5 10.cxd5 a6 11.Nc1 Nh5 12.Nd3 f5 13.O-O-O Nb6 14.Nb4 Bd7 15.Kb1 Rc8 16.Nc2
Nf6 17.h3 fxe4 18.fxe4 Nc4 19.Bxc4 Rxc4 20.Bg5 b5 21.Qe2 Qc7 22.Bxf6 Bxf6
23.Ne3 Rc5 24.Ng4 b4 25.Nxf6+ Rxf6 {#R} 0-1

[Event "Ch Belarus"]
[Site "masterchessopen.com Minsk (Belarus)"]
[Round "4"]
[White "Veremeichik Vladimir (BLR)"]
[Black "Smetankin Stanislav (BLR)"]
[Result "1-0"]
[WhiteElo "2388"]
[BlackElo "2416"]

1.d4 Nf6 2.c4 g6 3.Nc3 Bg7 4.e4 d6 5.f3 O-O 6.Be3 e5 7.Nge2 c6 8.Qd2 Nbd7 9.d5
cxd5 10.cxd5 a6 11.Nc1 Nh5 12.Nd3 f5 13.Be2 f4 14.Bf2 Bf6 15.O-O-O Bh4 16.Bxh4
Qxh4 17.Kb1 Qd8 18.Rc1 Ndf6 19.Rc2 Bd7 20.Rhc1 Qb6 21.Qe1 g5 22.b3 Qa7 23.Nd1
Rfc8 24.N3b2 Ne8 25.Nc4 Bb5 26.Na5 Rxc2 27.Rxc2 Bxe2 28.Qxe2 Qb6 29.Qe1 Kf8
30.Nb2 Rb8 31.Nbc4 Qd4 32.a4 Nhf6 33.Ka2 Nd7 34.Qb4 b5 35.Nc6 bxc4 36.Nxb8
cxb3+ 37.Qxb3 Nc5 38.Qc4 Qd1 39.Nc6 Nd3 40.Qc3 g4 41.Qd2 Qf1 42.Nd8 gxf3
43.Ne6+ Ke7 44.gxf3 Qxf3 45.Qa5 Qh5 46.Qd8+ Kf7 47.Rc7+ {#r} 1-0

[Event "It (open)"]
[Site "masterchessopen.com Werther (Germany)"]
[Round "1"]
[White "Lewin Tammo (GER)"]
[Black "Preusser Raimund (GER)"]
[Result "0-1"]
[WhiteElo "2131"]
[BlackElo "2203"]

1.d4 Nf6 2.c4 g6 3.Nc3 Bg7 4.e4 d6 5.f3 O-O 6.Be3 e5 7.Nge2 c6 8.Qd2 Nbd7 9.d5
cxd5 10.cxd5 a6 11.Nc1 Nh5 12.Nb3 f5 13.Bd3 fxe4 14.fxe4 Ndf6 15.O-O Ng4
16.Rxf8+ Bxf8 17.Ne2 Be7 18.g3 Nxe3 19.Qxe3 Bg5 20.Qf3 Nf6 21.h4 Bg4 22.Qf2
Bh6 23.Rf1 Kg7 24.Na5 Bh3 25.Nxb7 Qe7 26.Qxf6+ Qxf6 27.Rxf6 Kxf6 28.Nxd6 Be3+
29.Kh2 Bg4 30.Nc4 Bc5 31.Nc3 Rf8 32.Be2 Bxe2 33.Nxe2 Ke7 34.Nc3 Bd4 35.Nd1 Rf1
36.Nde3 Bxe3 37.Nxe3 Rf2+ 38.Kh3 Rxb2 39.Nc4 Rxa2 40.Nxe5 Re2 41.Nd3 Rxe4
42.Nc5 Re5 43.Nxa6 Kd6 44.Kg2 Re2+ {#R} 0-1

[Event "Ch Brazil (1/2 final)"]
[Site "masterchessopen.com Brazil"]
[Round "0"]
[White "Torrezani Eduardo De Moraes (BRA)"]
[Black "Campelo Leandro (BRA)"]
[Result "0-1"]
[WhiteElo "2000"]
[BlackElo "2221"]

1.d4 Nf6 2.c4 g6 3.Nc3 Bg7 4.e4 d6 5.f3 O-O 6.Be3 e5 7.Nge2 c6 8.Qd2 Nbd7 9.d5
cxd5 10.Nxd5 Nxd5 11.Qxd5 Nf6 12.Qd2 Be6 13.Nc3 a6 14.Rd1 Rc8 15.Qxd6 Qxd6
16.Rxd6 Bxc4 17.Bxc4 Rxc4 18.Bg5 Rc6 19.Rxc6 bxc6 20.Ke2 Rd8 21.Rd1 Rd4 22.Be3
Rxd1 23.Kxd1 Nd7 24.Kc2 f5 25.Na4 Bf8 26.Nb6 Nf6 27.exf5 gxf5 28.Nc4 Nd5
29.Bf2 e4 30.fxe4 fxe4 31.Ne5 c5 32.Nd7 e3 33.Be1 Bd6 34.Bg3 Nb4+ 35.Kb3 Bxg3
36.hxg3 e2 {#R} 0-1

[Event "It (open) \"]
[Site "masterchessopen.com High Tatras (Slovakia)"]
[Round "6"]
[White "Motuz Karol (SVK)"]
[Black "Macak Stefan (SVK)"]
[Result "1-0"]
[WhiteElo "2354"]
[BlackElo "2244"]

1.d4 Nf6 2.c4 g6 3.Nc3 Bg7 4.e4 d6 5.f3 O-O 6.Be3 e5 7.Nge2 c6 8.Qd2 Nbd7 9.d5
cxd5 10.cxd5 a6 11.Nc1 b5 12.b4 Nb6 13.Nb3 Bd7 14.Na5 Rc8 15.Be2 Nh5 16.O-O
Nf4 17.Rfc1 Nxe2+ 18.Nxe2 Nc4 19.Nxc4 Rxc4 20.Rxc4 bxc4 21.Nc3 Qc7 22.a4 Rb8
23.Rb1 Bf6 24.b5 Qa5 25.Qb2 Bd8 26.b6 Rb7 27.Qb4 Qxb4 28.Rxb4 a5 29.Rb1 Kf8
30.Kf2 Ke7 31.Ke2 f6 32.Nb5 h5 33.Na7 Bxa4 34.Nc6+ Kd7 35.Nxa5 Bc2 36.Nxb7
Bxb1 37.Na5 Bd3+ 38.Kf2 c3 39.b7 Bc7 40.Nc6 Bb5 41.b8=Q Bxb8 42.Nxb8+ Kc7
43.Nc6 Bxc6 44.dxc6 Kxc6 45.Ke2 Kb5 46.Kd3 Kb4 47.g4 Kb3 48.Bc1 h4 49.g5 fxg5
50.h3 g4 51.fxg4 c2 52.g5 Kb4 53.Kxc2 Kc4 54.Bb2 {#r} 1-0

[Event "It (open)"]
[Site "masterchessopen.com Medina del Campo (Spain)"]
[Round "3"]
[White "Campos Moreno Javier B (CHI)"]
[Black "Garcia Garcia Ruben (ESP)"]
[Result "1-0"]
[WhiteElo "2500"]
[BlackElo "2242"]

1.d4 Nf6 2.c4 g6 3.Nc3 Bg7 4.e4 d6 5.f3 O-O 6.Be3 e5 7.Nge2 c6 8.Qd2 Nbd7 9.d5
cxd5 10.cxd5 Ne8 11.g4 f5 12.gxf5 gxf5 13.O-O-O f4 14.Bf2 a5 15.Kb1 Nc7 16.Nc1
Kh8 17.Rg1 Bf6 18.a4 Na6 19.Nb3 Nb4 20.Bb5 b6 21.Qe2 Nc5 22.Nd2 Bh3 23.Nc4 Rc8
24.Bc6 Be7 25.Bxc5 bxc5 26.Nb5 Rf6 27.Qe1 Rh6 28.Qc3 Rh5 29.Rd2 Rb8 30.Nba3
Qc7 31.Nb5 Qd8 32.Rdd1 Rc8 33.Nd2 Bh4 34.Nc4 Be7 35.Qd2 Rb8 36.Nc3 Qc7 37.Na2
Rh6 38.Qc3 Rg6 39.Nc1 Rbg8 40.Rxg6 Rxg6 41.Nb3 Rg2 42.Nbxa5 Rxh2 43.Bb5 Rf2
44.Nc6 Nxc6 45.dxc6 Qb8 46.Qd3 Bg2 47.Na5 {#r} 1-0

[Event "Ch Netherlands (team) 2001"]
[Site "masterchessopen.com Netherlands"]
[Round "7"]
[White "Van Gisbergen Stan (NED)"]
[Black "Solleveld Maarten (NED)"]
[Result "0-1"]
[WhiteElo "2330"]
[BlackElo "2413"]

1.d4 Nf6 2.c4 g6 3.Nc3 Bg7 4.e4 d6 5.f3 O-O 6.Be3 e5 7.Nge2 c6 8.Qd2 Nbd7 9.d5
cxd5 10.cxd5 a6 11.g3 b5 12.Bg2 Nb6 13.b3 Nfd7 14.O-O Nc5 15.Rac1 Bd7 16.Nd1
Rc8 17.Nb2 f5 18.Nd3 Nxd3 19.Qxd3 Bf6 20.Rxc8 Nxc8 21.Rc1 fxe4 22.fxe4 Bg5
23.Bxg5 Qxg5 24.Rc7 Bg4 25.Nc1 Qd8 26.Qc3 b4 27.Qc4 Qg5 28.Qd3 Na7 29.h3 Nb5
30.Rc2 Bd7 31.Ne2 Na3 32.Qd2 Qxd2 33.Rxd2 Rc8 34.Kf2 Kf7 35.Bf1 Bb5 36.Ng1 Nb1
37.Rd1 Rc2+ 38.Ke3 Nc3 39.Ra1 Bxf1 40.Rxf1+ Ke7 41.a3 Nb5 42.axb4 Rc3+ 43.Kf2
Rxb3 44.Ra1 Nc3 45.Re1 Rxb4 46.Kf3 a5 47.Re3 Rb3 48.Kg4 a4 49.Nf3 Nd1 50.Rxb3
Nf2+ 51.Kh4 axb3 52.Nd2 b2 {#R} 0-1

[Event "Ch World (juniors) (under 16) (g)"]
[Site "masterchessopen.com Oropesa (Spain)"]
[Round "9"]
[White "Tsai Cindy (USA)"]
[Black "Dimovski Aleksandra (BIH)"]
[Result "1-0"]
[WhiteElo "2203"]
[BlackElo "2083"]

1.d4 Nf6 2.c4 g6 3.Nc3 Bg7 4.e4 d6 5.f3 O-O 6.Be3 e5 7.Nge2 c6 8.Qd2 Nbd7 9.d5
cxd5 10.cxd5 Ne8 11.g4 f5 12.gxf5 gxf5 13.O-O-O a6 14.Bg5 Ndf6 15.Kb1 b5
16.Bh3 b4 17.Na4 Qa5 18.Qc2 Bd7 19.b3 Rc8 20.Qd2 Bxa4 21.bxa4 Qxa4 22.Bxf5 Rb8
23.Nc1 Nc7 24.Bxf6 Rxf6 25.Rdg1 Nb5 26.Qg5 Na3+ 27.Ka1 Rg6 28.Bxg6 hxg6
29.Qxg6 Rb7 30.Qe6+ Rf7 31.Rxg7+ Kxg7 32.Rg1+ Kf8 33.Qc8+ Ke7 34.Rg6 Nc2+
35.Kb2 Nd4 36.Nb3 Qd7 37.Qxd7+ Kxd7 38.Nxd4 exd4 39.Rg3 Rh7 40.h3 Ke7 41.Kc2
Kf6 42.Kd3 Ke5 43.Rg5+ Kf6 44.Rf5+ Ke7 45.Kxd4 Rxh3 46.Kc4 Rh2 47.Kxb4 Rxa2
48.f4 Rf2 49.Ka5 Ra2+ 50.Kb6 a5 51.e5 dxe5 52.fxe5 a4 53.Rh5 a3 54.Rh7+ Ke8
55.e6 Re2 56.Ra7 a2 57.Kc6 Kf8 58.Kd6 Kg8 59.Ke7 Rh2 60.Ra8+ Kg7 61.d6 {#r}
1-0

[Event "It (cat.4)"]
[Site "masterchessopen.com Rijeka (Croatia)"]
[Round "11"]
[White "Kragelj Igor (SLO)"]
[Black "Zelenika Srdjan (CRO)"]
[Result "0-1"]
[WhiteElo "2278"]
[BlackElo "2331"]

1.d4 Nf6 2.c4 g6 3.Nc3 Bg7 4.e4 d6 5.f3 O-O 6.Be3 e5 7.Nge2 c6 8.Qd2 Nbd7 9.d5
cxd5 10.cxd5 a6 11.g4 b5 12.Ng3 b4 13.Na4 Rb8 14.h4 Ne8 15.h5 f6 16.Bh3 Rf7
17.hxg6 hxg6 18.g5 Nc5 19.Bxc5 Bxh3 20.Bxb4 Qd7 21.b3 fxg5 22.Bc3 Rxf3 23.Qxg5
Qg4 24.Qxg4 Bxg4 25.Rg1 Bh6 26.Bd2 Bf4 27.Ne2 Bh5 28.Rc1 Nf6 29.Rc4 Rf8
30.Nac3 Ng4 31.Nd1 Bh2 32.Rh1 Nf2 33.Nxf2 Rxf2 {#R} 0-1

[Event "Memorial M.Chigorin (open)"]
[Site "masterchessopen.com St. Petersburg (Russia)"]
[Round "6"]
[White "Hansson Hakan (SWE)"]
[Black "Kazakov Vladimir (RUS)"]
[Result "1-0"]
[WhiteElo "2182"]
[BlackElo "2005"]

1.d4 Nf6 2.c4 g6 3.Nc3 Bg7 4.e4 O-O 5.f3 d6 6.Be3 e5 7.Nge2 c6 8.Qd2 Nbd7 9.d5
cxd5 10.Nxd5 Nxd5 11.Qxd5 Nb6 12.Qd3 Be6 13.b3 Qc7 14.Nc3 a6 15.Be2 f5 16.O-O
f4 17.Bf2 Rfd8 18.Rac1 Rac8 19.Rfd1 Bf8 20.Qd2 Qe7 21.Nd5 Nxd5 22.cxd5 Qd7
23.dxe6 Qxe6 24.Bc4 d5 25.Bxd5 Rxd5 26.Qxd5 Rc6 27.Rxc6 Qxd5 28.exd5 bxc6
29.dxc6 {#r} 1-0

[Event "It (open)"]
[Site "masterchessopen.com Bad Wiessee (Germany)"]
[Date "2001.11.02"]
[Round "7"]
[White "Kainz Josef (AUT)"]
[Black "Mueller Markus (GER)"]
[Result "1-0"]
[WhiteElo "2056"]
[BlackElo "1746"]

1.d4 Nf6 2.c4 g6 3.Nc3 Bg7 4.e4 d6 5.f3 O-O 6.Be3 e5 7.Nge2 c6 8.Qd2 Nbd7 9.d5
cxd5 10.cxd5 a6 11.g4 h5 12.gxh5 Nxh5 13.Ng3 Ndf6 14.O-O-O b5 15.Kb1 Bd7
16.Nce2 Rc8 17.h4 Qc7 18.Bh3 Bxh3 19.Rxh3 Qd7 20.Rh2 Rc4 21.b3 Rc7 22.Bb6 Rcc8
23.Rg1 Rb8 24.Be3 b4 25.Bh6 Qa7 26.Bxg7 Nxg7 27.h5 Rfc8 28.hxg6 fxg6 29.Qh6
Kf7 30.Nf5 Qxg1+ 31.Nxg1 gxf5 32.Rg2 Ngh5 33.Qg6+ Ke7 34.Qxf5 Rd8 35.Nh3 Rb7
36.f4 exf4 37.Nxf4 {#r} 1-0

[Event "Ch Croatia (team)"]
[Site "masterchessopen.com Medulin (Croatia)"]
[Round "7"]
[White "Zaja Ivan (CRO)"]
[Black "Rasic Damir (BIH)"]
[Result "1-0"]
[WhiteElo "2417"]
[BlackElo "2337"]

1.d4 Nf6 2.c4 g6 3.Nc3 Bg7 4.e4 d6 5.f3 O-O 6.Be3 e5 7.Nge2 c6 8.Qd2 Nbd7 9.d5
cxd5 10.cxd5 a6 11.g4 b5 12.Nc1 Nb6 13.b3 b4 14.Nd1 Rb8 15.h4 Qc7 16.h5 a5
17.Ne2 Ba6 18.Rc1 Qe7 19.Ng3 Bxf1 20.Kxf1 Nfd7 21.Nf2 Rfc8 22.Kg2 Nc5 23.Nd3
Nbd7 24.Nxc5 dxc5 25.hxg6 fxg6 26.Qd3 Qd6 27.Nf1 Bf8 28.Nd2 Nb6 29.Rc2 Rc7
30.Rhc1 Rbc8 31.Qf1 h5 32.g5 Nd7 33.Nc4 Qa6 34.Qd3 Qa8 35.Rf1 Re8 36.f4 Bg7
37.f5 gxf5 38.Rxf5 Nf8 39.Qe2 h4 40.Qh5 a4 41.Rcf2 axb3 42.axb3 Rd8 43.g6 Rdd7
44.Nb6 {#r} 1-0

[Event "Ch Serbia & Montenegro (team)"]
[Site "masterchessopen.com Budva (Yugoslavia)"]
[Round "1"]
[White "Jeremic Veljko (SRB)"]
[Black "Popovic Dusan (SRB)"]
[Result "0-1"]
[WhiteElo "2529"]
[BlackElo "2447"]

1.d4 Nf6 2.c4 g6 3.Nc3 Bg7 4.e4 d6 5.f3 O-O 6.Be3 e5 7.Nge2 c6 8.Qd2 Nbd7 9.d5
cxd5 10.cxd5 a6 11.g4 h5 12.g5 Nh7 13.Rg1 f6 14.gxf6 Rxf6 15.O-O-O b5 16.a3
Qe8 17.Bg2 Rb8 18.Na2 Nc5 19.Kb1 Bd7 20.Nec1 Kh8 21.Nd3 Rc8 22.Qa5 g5 23.Nab4
g4 24.fxg4 Bxg4 25.Rc1 Nxd3 26.Nxd3 Rxc1+ 27.Rxc1 Qg6 28.Rg1 Ng5 29.h3 Nxh3
30.Bxh3 Qxe4 31.Bxg4 Qxd3+ 32.Ka2 Qxd5+ 33.Ka1 hxg4 34.Qxa6 Rf8 35.Qa7 Ra8
36.Qe7 e4 37.Kb1 Qd3+ 38.Ka2 Rxa3+ {#R} 0-1

[Event "It (open)"]
[Site "masterchessopen.com Groningen (Netherlands)"]
[Round "7"]
[White "Li Ruofan (SIN)"]
[Black "Geurink Jasper (NED)"]
[Result "1-0"]
[WhiteElo "2414"]
[BlackElo "2333"]

1.d4 Nf6 2.c4 g6 3.Nc3 Bg7 4.e4 d6 5.f3 O-O 6.Nge2 e5 7.Be3 c6 8.Qd2 Nbd7 9.d5
cxd5 10.cxd5 a6 11.g4 h5 12.g5 Nh7 13.Rg1 b5 14.Nc1 Nb6 15.b3 Bd7 16.Nd3 a5
17.Nb2 b4 18.Nb5 Nc8 19.Rc1 Rb8 20.Na7 Nxa7 21.Bxa7 Rb7 22.Be3 f6 23.gxf6 Rxf6
24.Ba6 Rb8 25.Be2 Kh8 26.Rc2 Bf8 27.Qc1 Be7 28.Rc7 Qe8 29.Nc4 Bd8 30.Ra7 Rc8
31.Qd2 g5 32.Bxg5 Rg6 33.Be3 Bb5 34.Kd1 Bxc4 35.Bxc4 Rxg1+ 36.Bxg1 Qg6 37.Be3
h4 38.Kc2 Ng5 39.Qg2 Qh5 40.Rd7 Bf6 41.Rxd6 Nxf3 42.Kb2 h3 43.Qc2 Bg5 44.Qf2
Rf8 45.Be2 Bxe3 46.Qxe3 Qg5 47.Qc1 Qxc1+ 48.Kxc1 Ng5 49.Rg6 Nxe4 50.Rh6+ Kg7
51.Rxh3 Rf2 52.Bc4 Nd6 53.Rh5 e4 54.h4 Rh2 55.Re5 Rxh4 56.Kd2 Rh3 57.Re7+ Kf8
58.Re6 Rh2+ 59.Ke3 Nxc4+ 60.bxc4 Rxa2 61.d6 Kf7 62.d7 Kxe6 63.d8=Q b3 64.Qb6+
Ke7 65.Qxb3 Rh2 66.Kxe4 {#r} 1-0

[Event "Ch Region"]
[Site "masterchessopen.com Novosibirsk (Russia)"]
[Round "4"]
[White "Verzhansky Alexander (RUS)"]
[Black "Okladnikov Gennady (RUS)"]
[Result "1-0"]
[WhiteElo "2327"]
[BlackElo "2244"]

1.d4 Nf6 2.c4 g6 3.Nc3 Bg7 4.e4 d6 5.f3 O-O 6.Be3 e5 7.Nge2 c6 8.Qd2 Nbd7 9.d5
cxd5 10.cxd5 a6 11.g4 b5 12.Ng3 b4 13.Na4 Rb8 14.b3 Ne8 15.h4 f5 16.gxf5 gxf5
17.Nxf5 Rxf5 18.exf5 Ndf6 19.Bh6 Qe7 20.Qg5 Kh8 21.O-O-O Bxh6 22.Qxh6 Ng7
23.Bd3 Nxf5 24.Bxf5 Bxf5 25.Nb2 a5 26.Qg5 Bd7 27.Nc4 a4 28.Rhg1 Rg8 29.Qh6 Rc8
30.Kb2 Bf5 31.Rg5 a3+ 32.Ka1 Rxc4 33.bxc4 Ng8 34.Rxg8+ Kxg8 35.Rg1+ Bg6
36.Rxg6+ hxg6 37.Qxg6+ Kh8 38.Qh6+ Qh7 39.Qxh7+ Kxh7 40.c5 {#r} 1-0

[Event "Tournament"]
[Site "masterchessopen.com Scotland"]
[Round "0"]
[White "Rowson Jonathan (SCO)"]
[Black "Morrison Graham (SCO)"]
[Result "1-0"]
[WhiteElo "2577"]
[BlackElo "2305"]

1.d4 Nf6 2.c4 g6 3.Nc3 Bg7 4.e4 d6 5.f3 O-O 6.Be3 e5 7.Nge2 c6 8.Qd2 Nbd7 9.d5
cxd5 10.Nxd5 Nxd5 11.Qxd5 Nf6 12.Qd2 b5 13.Nc3 bxc4 14.Bxc4 Be6 15.Bb3 Qb8
16.O-O Bxb3 17.axb3 Qxb3 18.Rxa7 Rxa7 19.Bxa7 Rc8 20.Be3 h6 21.Rf2 Ra8 22.h3
Ra6 23.Kh2 Kh7 24.Qc2 Qb4 25.Qd1 Bf8 26.Rd2 d5 27.Qe2 Ra5 28.Nxd5 Nxd5 29.Rxd5
Rxd5 30.exd5 Qb3 31.Qd2 Bb4 32.Qc1 Qxd5 33.Bxh6 e4 34.fxe4 Qxe4 35.Qf4 Qb7
36.Bg5 f5 37.Bf6 Qb6 38.Be5 Be7 39.Qc4 Qc5 40.Qf7+ Kh6 41.Qg7+ Kg5 42.Bg3 f4
43.h4+ Kf5 44.Qf7+ Bf6 45.Bxf4 Qd4 46.Bg5 Qd6+ 47.g3 Kg4 48.Qxf6 Qxg3+ 49.Kh1
Qe1+ 50.Kg2 Qe4+ 51.Kf2 Qc2+ 52.Ke3 {#r} 1-0

[Event "Czech League 2004/05 (2nd) (a)"]
[Site "masterchessopen.com Czech Republic"]
[Date "2004.10.10"]
[Round "1"]
[White "Burdik Lubomir (CZE)"]
[Black "Trmota Zdenek (CZE)"]
[Result "1-0"]
[WhiteElo "2150"]
[BlackElo "2174"]

1.c4 Nf6 2.Nc3 g6 3.d4 Bg7 4.e4 d6 5.f3 O-O 6.Be3 e5 7.Nge2 c6 8.Qd2 Nbd7 9.d5
cxd5 10.cxd5 a6 11.Nc1 Nh5 12.Nd3 f5 13.O-O-O Nhf6 14.Be2 Nb6 15.b3 Bd7 16.Kb1
Nc8 17.Rc1 Na7 18.Nb2 fxe4 19.Nxe4 Bf5 20.Bd3 Bxe4 21.Bxe4 Nxe4 22.fxe4 Nb5
23.h4 Qd7 24.Qe2 Nd4 25.Bxd4 exd4 26.h5 Rae8 27.hxg6 hxg6 28.g4 Rf4 29.Qh2 Be5
30.Nd3 Rf1 31.Nxe5 Rxc1+ 32.Kxc1 dxe5 33.Qh8+ Kf7 34.Rh7# 1-0

[Event "Oberliga East B 2004/05"]
[Site "masterchessopen.com Germany"]
[Date "2004.11.14"]
[Round "3"]
[White "Fuhrmann Daniel (GER)"]
[Black "Zschiedrich Heiko (GER)"]
[Result "1-0"]
[WhiteElo "2286"]
[BlackElo "2231"]

1.d4 Nf6 2.c4 g6 3.Nc3 Bg7 4.e4 d6 5.f3 O-O 6.Be3 e5 7.Nge2 c6 8.Qd2 Nbd7 9.d5
cxd5 10.cxd5 a6 11.g4 b5 12.Ng3 Nb6 13.b3 Bd7 14.Be2 Rc8 15.O-O Qc7 16.Rfc1
Qb7 17.Rab1 Rc7 18.a4 b4 19.Nd1 Rxc1 20.Rxc1 a5 21.Qd3 Ra8 22.Nb2 Be8 23.Nc4
Nc8 24.Qc2 Bd7 25.g5 Ne8 26.Qd3 Bf8 27.f4 exf4 28.Bxf4 Nb6 29.Nf1 Nxc4 30.Rxc4
Bg7 31.Ne3 Bf8 32.Rc1 Be7 33.Nc4 Bf8 34.Rf1 Bc8 35.Qf3 Qc7 36.Be3 Ba6 37.Nb6
Ra7 38.Bxa6 Rxa6 39.Nc4 Bg7 40.Kh1 f6 41.Qg4 Ra8 42.Qe6+ Qf7 43.Qxf7+ Kxf7
44.Bb6 Ke7 45.h4 fxg5 46.hxg5 Rb8 47.Kg2 h6 48.gxh6 Bxh6 49.e5 Rxb6 50.Nxb6
dxe5 51.Nc4 Nd6 52.Nxe5 Ne4 53.Re1 {#r} 1-0

[Event "Cup Mecklenburg-Vorpommern (1/2 final)"]
[Site "masterchessopen.com Mecklenburg-Vorpommern (Germany)"]
[Date "2004.12.04"]
[Round "5"]
[White "Willert Christoph"]
[Black "Schwetlick Thomas (GER)"]
[Result "1-0"]
[WhiteElo "1654"]
[BlackElo "2032"]

1.d4 Nf6 2.c4 g6 3.Nc3 Bg7 4.e4 d6 5.f3 O-O 6.Be3 e5 7.Nge2 c6 8.Qd2 Nbd7 9.d5
cxd5 10.cxd5 a6 11.g4 h5 12.gxh5 Nxh5 13.Ng3 Nf4 14.h4 Bf6 15.Qh2 Kg7 16.Nge2
Rh8 17.Nxf4 Rxh4 18.Nh3 Qh8 19.Qg2 Rh5 20.O-O-O Bh4 21.Be2 Nf6 22.Nf2 Bd7
23.Rdg1 b5 24.Ncd1 Rc8+ 25.Kb1 Qd8 26.f4 Qc7 27.Bd3 b4 28.f5 Nxd5 29.exd5 Bxf5
30.Bxf5 Rxf5 31.Nd3 Bf6 32.Rh2 b3 33.a3 Qc4 34.Qd2 e4 35.Nc1 Rxd5 36.Qe2 Qa4
37.Rgh1 Rc2 38.Rh7+ Kg8 39.Qg4 Ra5 40.Qh3 Rh5 41.Rxh5 gxh5 42.Qg3+ Kf8
43.Qxd6+ Be7 44.Qb8+ Kg7 45.Rxh5 f6 46.Qh8+ Kf7 47.Rh7+ Ke6 48.Qg8+ Kd6
49.Bf4+ Kd7 50.Qd5+ {#r} 1-0